000 00687nam a2200217 i 4500
001 72458
003 ES-MaACL
005 20230906171437.0
007 t|
008 040901s1962 sp ||||1| spa d
100 1 _aGiraudier, Antonio.
_957247
245 1 0 _aProsa y verso
_b: ; Una mano en el espacio Bordes ; La cerca ; Las piedras mágicas ; Piénsame ; La voz de Victor Luang /
_cAntonio Giraudier.
260 _aMadrid :
_bAgora,
_c[1962]
300 _a241 p. ;
_c21 cm.
740 4 _aUna mano en el espacio Bordes.
740 3 _aLa Cerca.
740 4 _aLas piedras mágicas.
740 0 _aPiénsame.
740 3 _aLa voz de Victor.
852 _aES-MaACL
_jC-22373
_bR.51076
999 _c72458
_d72458